[Event "Kathmandu Open 2018"]
[Site "Kathmandu"]
[Date "2018.04.13"]
[Round "1"]
[White "Harsha Bharathakoti"]
[Black "Paudel, Yubraj"]
[Result "1-0"]
[WhiteElo "2424"]
[BlackElo "1559"]
[Annotator "TA"]
[PlyCount "27"]
[EventDate "2018.??.??"]
[EventType "swiss"]
[EventCountry "NEP"]
[SourceTitle "playchess.com"]
[Source "ChessBase"]
[SourceQuality "1"]

{[%evp 20,27,74,81,100,92,114,103,111,109]} 1. d4 Nf6 2. c4 g6 3. Nc3 Bg7 4. e4 O-O 5. Be2 d6 6. Be3 e5 7. d5 a5 8. g4 Na6 {E73: King's Indian: Averbakh Variation without 6...c5} 9. h4 {[%cal Bh2h4,Bh4h5][%mdl 32]} Nc5 10. f3 c6 (10... h5 11. g5 Nh7 12. Kd2 Bd7 13. Nh3 c6 14. Nf2 cxd5 15. exd5 f5 16. gxf6 Nxf6 17. Bxc5 dxc5 {0-1 (37) Vallejo Pons,F (2705)-Radjabov,T (2741) Palma de Mallorca 2017}) 11. h5 {LiveBook: 9 Games. White is better.} Qe7 $146 ({Predecessor:} 11... a4 12. Qd2 cxd5 13. cxd5 Bd7 14. Nh3 Qa5 15. Nd1 Qxd2+ 16. Bxd2 {1-0 (53) Gevorgyan,D (2324)-Atabayev,Y (2475) Moscow 2017}) 12. Qd2 Rd8 13. Nh3 cxd5 {[#] Threatens to win with ...d4.} 14. cxd5 1-0

[Event "Kathmandu Open 2018"]
[Site "Kathmandu"]
[Date "2018.04.13"]
[Round "1"]
[White "Gusain, Himal"]
[Black "Adhikari, Krish"]
[Result "1-0"]
[WhiteElo "2413"]
[BlackElo "1547"]
[Annotator "TA"]
[PlyCount "45"]
[EventDate "2018.??.??"]
[EventType "swiss"]
[EventCountry "NEP"]
[SourceTitle "playchess.com"]
[Source "ChessBase"]
[SourceQuality "1"]

{[%evp 9,44,13,18,0,24,34,27,35,35,-43,2,2,3,8,87,64,92,94,111,96,99,91,108,106,108,81,162,166,298,291,765,723,1554,1614,29998,29999,29999]} 1. Nf3 d5 2. e3 c5 3. c4 Nf6 4. cxd5 Nxd5 5. Nc3 Nc6 {LiveBook: 147 Games} 6. Be2 {A34: Symmetrical English: 2 Nc3, lines with ...d5} (6. Bb5 Nxc3 7. bxc3 Bd7 8. O-O e6 9. d4 Be7 10. Rb1 O-O 11. Re1 Qc7 12. e4 Rfd8 13. g3 Bf6 14. Bf4 Qa5 15. Bf1 cxd4 16. cxd4 b6 17. Bc7 {0-1 (42) Ganguly,S (2657)-Xiong,J (2640) Saint Louis 2018}) 6... g6 7. Qb3 e6 8. O-O {White has an edge.} Bg7 9. Bb5 $146 (9. Qb5 $14) ({Predecessor:} 9. Ne4 b6 10. Bb5 Qc7 11. d4 O-O 12. dxc5 bxc5 {0-1 (60) Shinkevich,M (2108)-Borisovsky,D (2285) St Petersburg 2017}) 9... Qd7 10. d4 cxd4 11. Nxd4 Bxd4 (11... O-O $11 {remains equal.}) 12. exd4 $16 a6 13. Bxc6 Qxc6 {[#]} 14. Bh6 $1 {[%cal Bc1h6,Bh6g7,Bg7f6][%mdl 32] aiming for Rac1.} Nxc3 15. bxc3 {Threatens to win with Rfe1.} b5 16. a4 {And now axb5 would win.} Bb7 {[%csl Gb7][%cal Rc6g2]} 17. f3 Qc4 (17... Kd7 $16) 18. Qa3 $18 Bc6 (18... b4 {was worth a try.} 19. cxb4 (19. Qxb4 Qxb4 20. cxb4 Kd7 $16) 19... Qxd4+ 20. Be3 Qh4) 19. Bg7 Rg8 $2 {[#]} (19... Kd7 20. Bxh8 Rxh8 21. axb5 Bxb5) 20. Bf6 $1 {[%csl Gf6][%cal Ra3e7]} Ra7 21. Qd6 {[%csl Gf6][%cal Rd6d8]} Rd7 22. Qb8+ Rd8 23. Qxd8# {Precision: White = 76%, Black = 24%.} 1-0

[Event "Kathmandu Open 2018"]
[Site "Kathmandu"]
[Date "2018.04.13"]
[Round "1"]
[White "Sriram, Jha"]
[Black "Pradhan, Mohan Singh"]
[Result "1-0"]
[WhiteElo "2392"]
[BlackElo "1526"]
[Annotator "TA"]
[PlyCount "55"]
[EventDate "2018.??.??"]
[EventType "swiss"]
[EventCountry "NEP"]
[SourceTitle "playchess.com"]
[Source "ChessBase"]
[SourceQuality "1"]

{[%evp 9,55,62,72,79,106,105,100,77,149,140,145,114,147,158,230,237,447,442,478,466,637,519,534,525,507,489,854,838,797,801,891,886,1104,1102,1154,1162,1180,1176,1138,1104,1720,1669,2364,2189,29984,29985,29997,29998]} 1. d4 d5 2. c4 e6 3. Nc3 Bb4 4. e3 Bd7 (4... Nf6 5. a3 Bxc3+ 6. bxc3 c6 7. Nf3 O-O 8. a4 b6 9. cxd5 cxd5 10. Ba3 Re8 11. Bb5 Bd7 12. Be2 Qc7 13. Rc1 Qc6 14. a5 b5 15. Ne5 Qc7 {1-0 (60) Korobov,A (2664)-Brkic,A (2590) Batumi 2018}) 5. cxd5 exd5 6. Qb3 {D31: Queen's Gambit Declined: Semi-Slav without ...Nf6 (+ Marshall Gambit and Noteboom) and Exchange Variation lines without ...Nf6} Bxc3+ $146 ({Predecessor:} 6... Qe7 7. Qxd5 Bc6 8. Qb3 Nf6 9. Bd2 O-O 10. a3 Bd6 11. d5 Nxd5 12. Nxd5 Bxd5 13. Qxd5 {0-1 (60) Oliveira,M-Chumbo,P Odivelas 1995}) 7. bxc3 Bc6 8. Nf3 {White is better.} f6 ({Better is} 8... Nd7) 9. Bd3 Ne7 10. Qc2 g6 11. h4 {[%cal Bh2h4,Bh4h5][%mdl 32]} f5 (11... Qd7 $16 12. h5 gxh5 13. Rxh5 Qg4) 12. h5 $18 {aiming for Ba3.} Rf8 $2 {[#]} (12... Qd6 {was necessary.} 13. hxg6 Qxg6) 13. Ba3 Nd7 14. Ng5 Nf6 15. Ne6 Qd7 16. Nxf8 Kxf8 17. hxg6 {[#] Hoping for Bxf5.} hxg6 (17... Kg7 $142 18. gxh7 Kh8) 18. Rh8+ Nfg8 19. Ke2 Kf7 20. Bxe7 Qxe7 21. Rh7+ Kf6 22. Rxe7 Nxe7 23. Rh1 Rg8 24. Rh7 b5 25. Qb3 Be8 26. Bxb5 c6 27. Qa3 {[%csl Gh7][%cal Ra3e7]} Bf7 28. Qd6+ {Precision: White = 78%, Black = 13%.} 1-0

[Event "Kathmandu Open 2018"]
[Site "Kathmandu"]
[Date "2018.04.13"]
[Round "1"]
[White "Shyaamnikhil P"]
[Black "Abel, Saju Chazhoor"]
[Result "1-0"]
[WhiteElo "2385"]
[BlackElo "1512"]
[Annotator "TA"]
[PlyCount "41"]
[EventDate "2018.??.??"]
[EventType "swiss"]
[EventCountry "NEP"]
[SourceTitle "playchess.com"]
[Source "ChessBase"]
[SourceQuality "1"]

{[%evp 15,41,-7,0,0,0,-3,0,0,4,1,-1,3,26,16,27,24,29,29,76,72,133,127,126,114,201,186,263,266]} 1. d4 Nf6 2. Bf4 d5 3. e3 e6 4. Nd2 Bd6 5. Ngf3 O-O 6. Ne5 c5 7. c3 {D02: 1 d4 d5 2 Nf3 sidelines, including 2...Nf6 3 g3 and 2...Nf6 3 Bf4} Qc7 (7... Nc6 8. Nxc6 bxc6 9. dxc5 Bxc5 10. Bd3 Bd6 11. Bg5 h6 12. Bh4 a5 13. O-O Be7 14. e4 Ba6 15. Bxa6 Rxa6 {½-½ (54) Mamedyarov,S (2804)-Khachiyan,M (2522) chess.com INT 2018}) 8. Bg3 Nc6 {LiveBook: 15 Games} 9. Nxc6 {The position is equal.} Qxc6 10. Bd3 Re8 11. Be5 $146 ({Predecessor:} 11. Nf3 Ne4 12. Qc2 g6 13. Bxd6 Nxd6 14. h4 c4 15. Be2 f6 16. Nd2 e5 17. dxe5 Bf5 {0-1 (36) Lazic,L (2199)-Maric,D (2184) Belgrade 2016}) 11... Nd7 12. Bxd6 Qxd6 13. f4 {[%cal Bf2f4,Bf4e5][%mdl 32]} Qe7 14. O-O $36 {[%mdl 2048] White is pushing.} h6 15. Qh5 Nf6 16. Qh4 Bd7 17. g4 e5 (17... Bc6 $142) 18. fxe5 $16 {[%cal Rf1f6] aiming for Rxf6.} Nxg4 {[#]} 19. Qg3 $1 Qg5 (19... h5 $16) 20. Rae1 $18 Rac8 (20... Qe7 {was worth a try.} 21. Qf3 Rf8) 21. Nf3 {Precision: White = 100%, Black = 27%.} 1-0

[Event "Kathmandu Open 2018"]
[Site "Kathmandu"]
[Date "2018.04.13"]
[Round "1"]
[White "Harshavardhan G B"]
[Black "Gamal, Dipendra"]
[Result "1-0"]
[WhiteElo "2119"]
[BlackElo "1387"]
[Annotator "TA"]
[PlyCount "53"]
[EventDate "2018.??.??"]
[EventType "swiss"]
[EventCountry "NEP"]
[SourceTitle "playchess.com"]
[Source "ChessBase"]
[SourceQuality "1"]

{[%evp 11,53,9,56,35,56,0,177,174,174,131,309,295,310,310,322,302,319,258,269,269,278,278,246,166,173,154,183,74,188,215,629,664,654,655,640,641,1448,1441,1346,1327,29986,29987,29987,29987]} 1. d4 d5 2. c4 e6 3. Nc3 Nf6 4. Nf3 c6 5. e3 Nbd7 6. Bd3 g6 {LiveBook: 9 Games. D46: Semi-Slav: 5 e3 Nbd7 6 Bd3, Black avoids the Meran} (6... dxc4 7. Bxc4 b5 8. Bd3 Bb7 9. O-O a6 10. e4 c5 11. d5 Qc7 12. dxe6 fxe6 13. Ng5 Qc6 14. Be2 Rd8 15. a4 b4 16. Nb1 Ne5 17. Nd2 h6 18. f4 hxg5 19. fxe5 Qc7 20. Qb3 Qxe5 {0-1 (46) Wang,H (2709)-Ding,L (2777) Huaian 2017}) 7. e4 dxe4 8. Nxe4 (8. Bxe4 $14 Nxe4 9. Nxe4) 8... Bg7 $146 (8... Nxe4 $11 {and Black stays safe.} 9. Bxe4 Bb4+ 10. Bd2 Qa5) ({Predecessor:} 8... Nxe4 9. Bxe4 c5 10. O-O Nf6 11. Bc2 cxd4 12. Nxd4 Bc5 13. Be3 O-O 14. Re1 {1-0 (43) Veingold,A (2460)-Rantanen,Y (2350) Jyvaskyla 1997}) 9. Nd6+ $18 Ke7 10. c5 b6 $2 (10... Ne8 $16) 11. Ng5 Rf8 12. Qe2 {[#] Black must now prevent Ndxf7.} Nb8 13. O-O Ne8 14. Nxe8 Kxe8 15. Be3 (15. Nxh7 Rh8 $16) 15... Bxd4 16. cxb6 (16. Nxh7 Rh8 $16) 16... axb6 17. Bxd4 ({Not} 17. Nxh7 Rh8 $16) 17... Qxd4 18. Rad1 $36 {[%mdl 2048] Strongly threatening Bxg6! Keeping Black busy.} ({Don't take} 18. Nxh7 $6 Rh8 $14) 18... Qf4 19. Ne4 (19. Nxh7 $18 Rh8 20. g3) 19... Rxa2 (19... f5 $16 20. Nd2 Kf7) 20. Bc4 Ra4 $2 (20... Ra5 21. g3 (21. Nd6+ Ke7 $18) 21... Qc7) 21. g3 Qc7 22. Nd6+ Ke7 {intending ...Rd8.} 23. Qe5 Ra7 24. Qg5+ f6 25. Qh6 {Intending Qg7+ and mate.} Nd7 26. Qg7+ Kd8 {[#]} 27. Nb5 $1 {[%mdl 512] Precision: White = 55%, Black = 26%.} 1-0

[Event "Kathmandu Open 2018"]
[Site "Kathmandu"]
[Date "2018.04.13"]
[Round "1"]
[White "Sarthak Rawat"]
[Black "Volkov, Sergey"]
[Result "0-1"]
[WhiteElo "1615"]
[BlackElo "2598"]
[Annotator "TA"]
[PlyCount "62"]
[EventDate "2018.??.??"]
[EventType "swiss"]
[EventCountry "NEP"]
[SourceTitle "playchess.com"]
[Source "ChessBase"]
[SourceQuality "1"]

{[%evp 27,62,0,0,-184,-55,-59,-64,-60,-54,-181,-179,-199,-191,-198,-191,-189,-192,-178,-137,-152,-141,-268,-261,-263,-266,-268,-264,-273,-268,-685,-678,-811,-809,-803,-800,-779,-766]} 1. e4 e6 2. d4 d5 3. Nd2 Nf6 4. e5 Nfd7 5. Bd3 c5 6. c3 Nc6 7. Ne2 cxd4 8. cxd4 f6 9. Nf4 Nxd4 10. Qh5+ Ke7 11. Ng6+ hxg6 12. exf6+ Nxf6 13. Qxh8 Kf7 14. Qh4 e5 {LiveBook: 136 Games. ...e4 is the strong threat.} 15. O-O $2 {[#] C06: French Tarrasch: 3...Nf6 4 e5 Nfd7 5 Bd3 main lines} (15. Nf3 $11 {and White is okay.} Nxf3+ 16. gxf3) (15. Nf3 Nxf3+ 16. gxf3 Bf5 17. Bxf5 gxf5 18. Bg5 Qa5+ 19. Kf1 g6 20. Qh8 Qa6+ 21. Kg2 Re8 22. Rac1 Be7 23. Qh6 Qd6 24. Rc2 Bf8 25. Qh4 Bg7 26. Rhc1 Re7 27. Bxf6 Bxf6 {1-0 (51) Rublevsky,S (2702)-Volkov,S (2594) Dagomys 2009}) 15... e4 (15... Be7 $1 $19 {aiming for ...Nh5.} 16. Nc4 dxc4 17. Bxc4+ Be6 18. Bxe6+ Kxe6) 16. Bxe4 $15 dxe4 17. Nxe4 {Black is slightly better.} Be7 18. Nxf6 $146 (18. Re1 $15) ({Predecessor:} 18. Ng5+ Kg8 19. Be3 Nf5 20. Qa4 Nd5 21. Nf3 Ndxe3 22. fxe3 Be6 {0-1 (34) Barbosa,F (1992)-Castro,F (2015) Matosinhos 2003}) 18... Bxf6 $19 19. Qe4 Qb6 {[#] Strongly threatening ...Bf5.} 20. Be3 Bf5 ({Inferior is} 20... Qxb2 21. Rab1 $16) 21. Qd5+ Be6 22. Qe4 Qc6 $36 {[%mdl 2048] Black is in control.} 23. Qxc6 bxc6 {[%cal Bb7c6,Bc6c5][%mdl 32]} 24. Bxd4 (24. Rad1 $17 Nf5 25. b3) 24... Bxd4 25. Rac1 c5 ({Not} 25... Bxa2 26. Rxc6 Rd8 27. Rc7+ Kf8 28. Rfc1 $17) 26. b3 a5 {[%cal Ba7a5,Ba5a4,Ba4a3][%mdl 32]} 27. Rfd1 a4 28. b4 $2 (28. Rd3) 28... a3 {Black is clearly winning.} 29. bxc5 Bb2 30. Rc2 Bxa2 31. Rd7+ Kf8 {Precision: White = 44%, Black = 70%.} 0-1

[Event "Kathmandu Open 2018"]
[Site "Kathmandu"]
[Date "2018.04.13"]
[Round "1"]
[White "Dr. Kakshapati, Prayash Shrestha"]
[Black "Sengupta, Deep"]
[Result "0-1"]
[WhiteElo "1601"]
[BlackElo "2579"]
[Annotator "TA"]
[PlyCount "82"]
[EventDate "2018.??.??"]
[EventType "swiss"]
[EventCountry "NEP"]
[SourceTitle "playchess.com"]
[Source "ChessBase"]
[SourceQuality "1"]

{[%evp 9,82,14,10,10,8,0,14,-38,-38,-38,-38,-42,-38,-34,-36,-40,-42,-43,-45,-45,-43,-46,-37,-107,-103,-112,-110,-132,-111,-106,-117,-145,-142,-154,-133,-135,-146,-216,-220,-221,-220,-230,-233,-217,-208,-261,-273,-300,-279,-285,-278,-328,-305,-399,-360,-342,-273,-511,-246,-581,-581,-685,-666,-1541,-1452,-1311,-1302,-29984,-29985,-29985,-29986,-29988,-29989,-29994,-29995]} 1. d4 Nf6 2. Bf4 g6 3. c4 Bg7 4. Nc3 O-O 5. e4 (5. e3 c5 6. d5 d6 7. Nf3 Nh5 8. Bg5 h6 9. Bh4 g5 10. Nd2 gxh4 11. Qxh5 e6 12. Bd3 Qg5 13. Qxg5 hxg5 {0-1 (59) Sakaev,K (2594)-Yuffa,D (2534) Sochi 2016}) 5... d6 6. Be2 {E61: King's Indian: Early deviations for White, including Smyslov System} Nc6 7. Nf3 Bg4 8. h3 ({White should try} 8. d5 $11 Bxf3 9. Bxf3 (9. gxf3 Ne5 $11)) 8... Bxf3 $1 $15 9. Bxf3 Nxd4 10. Qxd4 {[#] Qd2 is the strong threat.} e5 11. Bxe5 dxe5 12. Qe3 c6 13. O-O Qe7 $146 ({Predecessor:} 13... Qd4 14. Qe2 Rfd8 {0-1 (58) Becker,R (2133)-Bakhmatov,E (2378) Duesseldorf 2005}) 14. a3 Nd7 15. b4 a5 16. b5 ({Better is} 16. c5 $15) 16... Nc5 $17 17. bxc6 bxc6 18. Rab1 h5 19. Rb6 Rac8 20. Rfb1 Rfd8 21. Be2 Bf8 {[%cal Bg7f8,Bf8h6,Bh6d2][%mdl 32]} 22. Qg3 Kh7 23. a4 (23. h4 $17) 23... Bh6 $19 24. R6b2 Rd6 25. Qf3 Rf6 26. Qg3 Rd8 27. Rf1 Rd4 28. f3 Bd2 29. Rc2 Rfd6 30. Nb1 Bb4 ({Resist} 30... Nxa4 31. Ra2 $17) 31. Ra2 Qf6 32. h4 Ne6 33. Rc2 $2 {[#]} (33. Qh2) 33... Rd7 (33... Nf4 $142 {Strongly threatening ...Rd2!} 34. Kh2 Bd2) 34. Kh1 $2 (34. Qh2) 34... Nf4 35. Qg5 Qe6 36. c5 f6 37. Qg3 Qb3 38. Rfc1 Nxe2 {Black mates.} 39. Rxe2 Rd1+ 40. Re1 Bxe1 41. Rxd1 Rxd1 {Precision: White = 26%, Black = 83%.} 0-1

[Event "Kathmandu Open 2018"]
[Site "Kathmandu"]
[Date "2018.04.13"]
[Round "1"]
[White "Kunwar, Ranjan"]
[Black "Mirzoev, Azer"]
[Result "0-1"]
[WhiteElo "1581"]
[BlackElo "2504"]
[Annotator "TA"]
[PlyCount "113"]
[EventDate "2018.??.??"]
[EventType "swiss"]
[EventCountry "NEP"]
[SourceTitle "playchess.com"]
[Source "ChessBase"]
[SourceQuality "1"]

{[%evp 12,113,0,-35,-39,-48,-25,-29,-18,-37,-39,-50,-29,-44,-35,-60,-51,-57,-45,-72,-64,-73,-66,-71,-73,-84,-79,-133,-100,-143,-83,-100,-56,-247,-249,-311,-287,-322,-307,-335,-226,-226,-226,-225,-214,-225,-217,-234,-235,-235,-227,-220,-212,-204,-204,-244,-220,-250,-255,-252,-256,-260,-256,-243,-243,-256,-257,-247,-251,-272,-267,-502,-491,-500,-438,-438,-452,-598,-559,-699,-664,-672,-644,-800,-778,-667,-545,-589,-578,-593,-585,-715,-707,-1074,-1058,-1391,-1364,-2508,-2229,-2734,-2666,-3003,-8184,-29990]} 1. e4 {[%cal Be2e4,Be4e5][%mdl 32]} Nf6 2. Nc3 d5 3. e5 Ne4 4. d4 Nxc3 5. bxc3 c5 6. Nf3 Nc6 7. h3 {LiveBook: 7 Games. B02: Alekhine's Defence: Chase Variation and lines with early Nc3} (7. Be2 c4 8. O-O e6 9. Be3 Be7 10. g3 O-O 11. Re1 b5 12. a3 a5 13. h4 f6 14. exf6 gxf6 15. Nh2 {1-0 (32) Hansen,E (2584)-Ipatov,A (2613) Rabat 2014}) 7... e6 8. Be2 Bd7 $146 ({Predecessor:} 8... Be7 9. O-O Qa5 10. Bd2 Qa4 11. dxc5 Bxc5 12. Bd3 a6 13. Qe2 Bd7 14. Rab1 b5 {0-1 (40) Karpatchev,A (2465)-Sandstrom,L (2300) Stockholm 1993}) 9. O-O {Black has an edge.} Qc7 10. Bf4 c4 11. Qd2 O-O-O {[%cal Be8c8,Bc8b8,Bb8a8][%mdl 32]} 12. Bg3 h6 13. a4 Be7 14. Rfb1 Kb8 15. a5 Nxa5 16. Qc1 Ka8 17. Qb2 {[#] Threatens to win with Rxa5!} b6 18. Nd2 Bc6 19. Bf3 (19. Qc1 $142) 19... Rc8 20. Qa2 Qd7 (20... h5 $142 21. Be2 Rcg8) 21. Nf1 f5 {[%cal Bf7f5,Bf5f4][%mdl 32]} 22. Ne3 $2 ({White has to play} 22. exf6 $1 $15 gxf6 23. Qb2) 22... g5 $19 23. Nd1 h5 24. Be2 f4 25. Bh2 Rcf8 26. f3 Rhg8 27. Nf2 Qc7 28. Rb2 Be8 {[%cal Bc6e8,Be8g6,Bg6f5][%mdl 32]} 29. Rab1 Bg6 30. Rf1 Bf5 31. Kh1 Nc6 32. Rfb1 Rb8 33. Qa1 a5 {[%cal Ba7a5,Ba5a4,Ba4a3][%mdl 32]} 34. Qa4 Na7 35. Ra1 Bd8 36. Rba2 b5 37. Qa3 a4 38. Qb2 Be7 39. Kg1 Rb6 40. Kh1 Ra6 41. Kg1 $2 (41. Nd1 {is a better defense.}) 41... Qa5 {Black is clearly winning.} 42. Nd1 a3 43. Qc1 h4 44. Kf1 Rb8 45. Bg1 b4 46. cxb4 Bxb4 47. Bf2 Nb5 48. c3 Be7 49. Be1 Na7 50. Bd2 Rb3 51. Nf2 Qb6 52. Qe1 Bb1 53. Rxb1 Rxb1 54. Bc1 Qb3 55. Qd2 {[#]} Rxc1+ $1 56. Bd1 (56. Qxc1 Qxa2) 56... Nb5 57. Ke2 {Precision: White = 22%, Black = 75%.} 0-1

[Event "Kathmandu Open 2018"]
[Site "Kathmandu"]
[Date "2018.04.13"]
[Round "1"]
[White "Singhak, Bikram"]
[Black "Kasparov, Sergey"]
[Result "0-1"]
[WhiteElo "1561"]
[BlackElo "2462"]
[Annotator "TA"]
[PlyCount "78"]
[EventDate "2018.??.??"]
[EventType "swiss"]
[EventCountry "NEP"]
[SourceTitle "playchess.com"]
[Source "ChessBase"]
[SourceQuality "1"]

{[%evp 21,78,-24,-26,-54,-47,-91,-73,-73,-72,-88,-107,-255,-236,-234,-232,-303,-298,-292,-294,-409,-402,-397,-341,-404,-296,-289,-280,-375,-345,-343,-300,-504,-498,-518,-510,-541,-515,-619,-621,-585,-585,-585,-585,-585,-585,-587,-589,-585,-581,-694,-625,-758,-807,-760,-719,-963,-938,-1428,-1316]} 1. d4 c5 2. e3 cxd4 3. exd4 d5 4. Nf3 Nf6 5. c4 g6 6. Nc3 Bg7 7. h3 O-O 8. Be2 Nc6 {E61: King's Indian: Early deviations for White, including Smyslov System} (8... dxc4 9. Bxc4 Nc6 10. O-O b6 11. a3 Bb7 12. d5 Na5 13. Ba2 Rc8 14. Ne5 Nd7 15. Ng4 h5 16. Nh6+ Kh7 17. Bb1 Nf6 18. Nxf7 Rxf7 19. Bxg6+ {1-0 (32) Alonso Rosell,A (2537)-Movsziszian,K (2507) Barcelona 2017}) 9. Bf4 dxc4 10. Bxc4 Na5 11. Be2 Be6 {LiveBook: 7 Games} 12. Qa4 Nd5 $146 ({Predecessor:} 12... a6 13. O-O b5 14. Qd1 Rc8 15. Re1 {0-1 (46) Mdivani,M (2105)-Ben Artzi,I (2408) Jerusalem 2015}) 13. Bg3 Nxc3 14. bxc3 Rc8 15. Rc1 Bh6 16. Nd2 {[#]} (16. Rd1 $17) 16... Nc4 $1 {[%mdl 512]} 17. Bxc4 (17. Nxc4 Bxc1) 17... Bxc4 18. f4 Qd5 19. Kf2 e5 {[%cal Be7e5,Be5f4][%mdl 32]} ({Not} 19... Bxa2 20. Rhe1 $17) 20. Nf3 exf4 21. Bh2 b5 22. Qa5 f6 23. Rhe1 Rf7 24. a3 g5 25. Qa6 Qc6 26. Qa5 $2 {[#]} (26. Qxc6 Rxc6 27. Nd2) 26... Bf8 $19 {Black is clearly winning.} 27. Nd2 Bd5 28. Nf3 h6 29. Re2 Rb7 30. Rec2 Rb6 31. a4 Bb3 32. axb5 Rxb5 33. Qa1 Bxc2 34. Rxc2 a5 {[%cal Ba7a5,Ba5a4,Ba4a3][%mdl 32]} 35. Nd2 Qe6 36. Qe1 Qxe1+ 37. Kxe1 a4 38. Bg1 a3 39. c4 Rb2 {Precision: White = 29%, Black = 89%.} 0-1

[Event "Kathmandu Open 2018"]
[Site "Kathmandu"]
[Date "2018.04.13"]
[Round "1"]
[White "Khadka, Dhurba"]
[Black "Llaneza Vega, Marcos"]
[Result "0-1"]
[WhiteElo "1555"]
[BlackElo "2422"]
[Annotator "TA"]
[PlyCount "29"]
[EventDate "2018.??.??"]
[EventType "swiss"]
[EventCountry "NEP"]
[SourceTitle "playchess.com"]
[Source "ChessBase"]
[SourceQuality "1"]

{[%evp 11,21,42,88,0,0,0,0,0,0,0,8,-70]} 1. d4 Nf6 2. c4 Nc6 3. Nc3 e5 4. d5 Ne7 5. Nf3 Ng6 6. a3 {A50: Queen's Fianchetto Defence (1 d4 Nf6 2 c4 b6)} (6. h4 h5 7. Bg5 Be7 8. e3 d6 9. Qc2 Ng4 10. Bd3 Nf8 11. Bxe7 Qxe7 12. O-O-O Nd7 13. Qd2 {1-0 (70) Yilmaz,M (2564)-Petkov,V (2527) Cesme 2014}) 6... a5 {LiveBook: 5 Games} 7. e4 ({White should try} 7. h4 $16) 7... Bc5 $1 $11 {The position is equal.} 8. Bd3 d6 9. h3 O-O 10. O-O Nh5 11. Ne2 (11. Bg5 $11 f6 12. Be3) {Predecessor:} 11... Nh4 $146 12. Nxh4 Qxh4 13. Be3 Bxe3 14. fxe3 Qg5 15. Rf3 {0-1 (34) Martic,Z (2311)-Kalajzic,I (2204) Zagreb 2008} 0-1

[Event "Kathmandu Open 2018"]
[Site "Kathmandu"]
[Date "2018.04.13"]
[Round "1"]
[White "Shrestha, Ram Bhakta"]
[Black "Prince, Bajaj"]
[Result "0-1"]
[WhiteElo "1541"]
[BlackElo "2409"]
[Annotator "TA"]
[PlyCount "52"]
[EventDate "2018.??.??"]
[EventType "swiss"]
[EventCountry "NEP"]
[SourceTitle "playchess.com"]
[Source "ChessBase"]
[SourceQuality "1"]

{[%evp 11,52,-5,-2,-58,-14,-20,-22,-24,-8,-15,3,-17,-12,-26,-17,-27,-26,-24,-23,-47,-38,-44,0,-47,-14,-40,-40,-39,-40,-43,-41,-84,-56,-75,-37,-409,-409,-386,-326,-432,-421,-679,-664]} 1. e4 c5 2. Nf3 e6 3. d4 cxd4 4. Nxd4 Nf6 5. Nc3 Nc6 6. Bg5 Bb4 {LiveBook: 11 Games. next ...Qa5 is good for Black.} 7. Nf3 {B45: Sicilian Four Knights} ({White should play} 7. Nxc6 $11 bxc6 8. Qd3) (7. Nxc6 bxc6 8. Bd3 e5 9. O-O h6 10. Bh4 O-O 11. f4 Bd6 12. Bc4 Qe7 13. f5 Rb8 14. b3 Bb4 15. Na4 d5 16. exd5 {½-½ (40) Horvat,M (2370)-Timko,V (2434) ICCF email 2010}) 7... h6 8. Bd2 O-O 9. Bd3 {The position is equal.} a6 10. a3 Be7 $146 ({Predecessor:} 10... Bc5 11. h3 e5 12. O-O Re8 13. Re1 d6 14. Nd5 Be6 15. Nxf6+ Qxf6 16. c3 Rad8 17. Be3 Ne7 18. Bxc5 dxc5 {½-½ (18) Zuluaga,M (1663)-Zambrano Becerra,S Medellin 2014}) 11. O-O Qc7 12. h3 b5 13. Be3 Bb7 14. Re1 d6 15. Ne2 Rfd8 16. Qc1 Rac8 17. Ng3 (17. Bxh6 $5 gxh6 18. Qxh6 $15) 17... Ne5 18. Nxe5 $1 dxe5 19. f3 Nd7 {[%cal Bf6d7,Bd7c5,Bc5b3][%mdl 32]} 20. Rd1 Nc5 21. Kh1 Rd6 {[%cal Bd8d6,Bd6c6,Bc6c2][%mdl 32]} 22. Be2 Rc6 23. Rd2 $2 {[%mdl 8192] [#]} (23. Qb1 $15) 23... Nb3 $1 $19 {[%cal Rb3c1][%mdl 512]} 24. Qd1 (24. cxb3 Rxc1+) 24... Nxa1 25. Qxa1 Rxc2 {And now ...Rc1+ would win.} 26. Rd1 (26. Kh2 $142) 26... Bh4 {Precision: White = 29%, Black = 52%.} 0-1